<?xml version="1.0" encoding="UTF-8"?><?xml-stylesheet type="text/xsl" href="static/style.xsl"?><OAI-PMH xmlns="http://www.openarchives.org/OAI/2.0/" xmlns:xsi="http://www.w3.org/2001/XMLSchema-instance" xsi:schemaLocation="http://www.openarchives.org/OAI/2.0/ http://www.openarchives.org/OAI/2.0/OAI-PMH.xsd"><responseDate>2026-04-13T01:17:38Z</responseDate><request verb="GetRecord" identifier="oai:www.recercat.cat:10230/68917" metadataPrefix="marc">https://recercat.cat/oai/request</request><GetRecord><record><header><identifier>oai:recercat.cat:10230/68917</identifier><datestamp>2025-12-17T20:25:27Z</datestamp><setSpec>com_2072_6</setSpec><setSpec>col_2072_452954</setSpec></header><metadata><record xmlns="http://www.loc.gov/MARC21/slim" xmlns:dcterms="http://purl.org/dc/terms/" xmlns:xsi="http://www.w3.org/2001/XMLSchema-instance" xmlns:doc="http://www.lyncode.com/xoai" xsi:schemaLocation="http://www.loc.gov/MARC21/slim http://www.loc.gov/standards/marcxml/schema/MARC21slim.xsd">
   <leader>00925njm 22002777a 4500</leader>
   <datafield ind2=" " ind1=" " tag="042">
      <subfield code="a">dc</subfield>
   </datafield>
   <datafield ind2=" " ind1=" " tag="720">
      <subfield code="a">Galiano Riosalido, Stefano</subfield>
      <subfield code="e">author</subfield>
   </datafield>
   <datafield ind2=" " ind1=" " tag="260">
      <subfield code="c">2024-12-04T12:18:29Z</subfield>
   </datafield>
   <datafield ind2=" " ind1=" " tag="260">
      <subfield code="c">2024-12-04T12:18:29Z</subfield>
   </datafield>
   <datafield ind2=" " ind1=" " tag="260">
      <subfield code="c">2024-06-18</subfield>
   </datafield>
   <datafield ind2=" " ind1=" " tag="520">
      <subfield code="a">Treball de fi de grau en Bioinformàtica. Curs 2023-2024</subfield>
   </datafield>
   <datafield ind2=" " ind1=" " tag="520">
      <subfield code="a">Tutors: Joan Gimenez Diaz, Víctor Guallar Tasíes</subfield>
   </datafield>
   <datafield ind2=" " ind1=" " tag="520">
      <subfield code="a">Aquesta investigació té com a objectiu millorar la degradació del plàstic mitjançant l&amp;apos;enginyeria de proteïnes de BL21 DE3 d&amp;apos;Escherichia coli per millorar l&amp;apos;activitat catalítica. Usa una tecnologia innovadora que és PELE, processos com la mutagènesi d&amp;apos;aminoàcids amb l&amp;apos;objectiu d&amp;apos;introduir una tríada catalítica similar a les MHETases. Finalment, els mutants prometedors es processen amb simulacions de dinàmica molecular per determinar l&amp;apos;estabilitat estructural i el potencial catalític. Culminant amb la validació a través d&amp;apos;un laboratori on proben els microorganismes dissenyats per veure si creixen amb el plàstic.</subfield>
   </datafield>
   <datafield ind2=" " ind1=" " tag="520">
      <subfield code="a">Esta investigación tiene como objetivo mejorar la degradación del plástico mediante la ingeniería de proteínas de la cepa BL21 DE3 de Escherichia coli para mejorar la actividad catalitica. Usa una tecnología innovadora que es PELE, procesos como mutagénesis de aminoácidos con el objetivo de introducir una tríada catalítica similar a las MHETasas. Finalmente los mutantes prometedores se procesan con simulaciones de dinámica molecular para determinar la estabilidad estructural y el potencial catalítico. Culminando con la validación a través de un laboratorio donde prueban los microorganismos diseñados para ver si crecen con el plastico.</subfield>
   </datafield>
   <datafield ind2=" " ind1=" " tag="520">
      <subfield code="a">This research aims to enhance plastic degradation by engineering Escherichia coli strain BL21 DE3 proteins for improved MHET binding and catalytic activity. It uses a groundbreaking technology which is Protein energy landscape exploration (PELE), processes as amino acid mutagenesis with its target being to introduce a catalytic triad similar to MHETases. Only the promising mutants are later on processed with molecular dynamics simulations for structural stability and catalytic potential. It culminates with the validation through a wet lab in which they test the engineered microorganisms to see if they grow on plastic.</subfield>
   </datafield>
   <datafield tag="653" ind2=" " ind1=" ">
      <subfield code="a">Treball de fi de grau – Curs 2023-2024</subfield>
   </datafield>
   <datafield tag="653" ind2=" " ind1=" ">
      <subfield code="a">Activa site</subfield>
   </datafield>
   <datafield tag="653" ind2=" " ind1=" ">
      <subfield code="a">Catalytic triad</subfield>
   </datafield>
   <datafield tag="653" ind2=" " ind1=" ">
      <subfield code="a">Pluryzime</subfield>
   </datafield>
   <datafield ind2="0" ind1="0" tag="245">
      <subfield code="a">Engineering plastic-eating enzyme with mono(2-Hydroxyethyl) terephthalic acid substrate using protein energy landscape exploration</subfield>
   </datafield>
</record></metadata></record></GetRecord></OAI-PMH>